000 00843nam a2200265 4500
003 OSt
005 20260601193904.0
008 260508b2001 enga|||| |||| 00| 0 eng d
020 _a9072007573
040 _aICI
_bspa
_cICI
_erda
041 _aeng
050 _aSB470
_b.E68 2001
100 _eautor
245 _aEnvironmental Ruimteluk.
250 _a1a edición.
336 _2rdacontent
_atexto
337 _2rdamedia
_asin medio
338 _2rdacarrier
_avolumen
520 _aEstudio sobre el diseño y planificación de espacios urbanos y ambientales, abordando sostenibilidad, arquitectura y ecología urbana.
650 _aDiseño ambiental.
650 _aPlanificación urbana
_xAspectos ambientales.
_934336
650 _aSostenibilidad
_xPlanificación.
_934337
650 _aEcología urbana.
_934338
942 _2lcc
_cB
_n1
999 _c22353
_d22353